| 000 | 00772nam a2200265 a 4500 | ||
|---|---|---|---|
| 008 | |||
| 020 | _a0198552963 (pbk.) | ||
| 049 | _aMAIN | ||
| 090 | _aQP601 | ||
| 100 | 1 | _aPrice, Nicholas C. | |
| 245 | 1 | 0 |
_aFundamentals of enzymology / _cby Nicholas C. Price and Lewis Stevens. |
| 250 | _a2nd ed. | ||
| 260 |
_aOxford : _bOxford University Press, _c1989. |
||
| 300 |
_axviii, 526 p. : _bill. ; _c24 cm. |
||
| 440 | 0 | _aOxford science publications. | |
| 504 | _aIncludes bibliographical references. | ||
| 500 | _aIncludes index. | ||
| 650 | 0 | _aEnzymes. | |
| 700 | 1 | _aStevens, Lewis. | |
| 907 |
_a.b10003083 _b19-12-03 _c17-04-03 |
||
| 003 | |||
| 005 | 20230123133112.0 | ||
| 040 | _cNUST | ||
| 942 |
_cBOOKS _kQP601 |
||
| 999 |
_c142752 _d142752 |
||